| 000 | 00697nam a2200205Ia 4500 | ||
|---|---|---|---|
| 003 | GCL | ||
| 005 | 20240530095559.0 | ||
| 008 | 140319s9999 xx 000 0 ara d | ||
| 040 |
_aGCL / _cGCL |
||
| 082 | 0 | 4 |
_a932 _bق/م ق |
| 100 | 1 | _aمحمود سلام زناتى | |
| 245 | 1 | 0 |
_aقدماء المصريين : _bهم اول من / _cمحمود سلام زناتى |
| 260 |
_a[S.N] : _bد. ن ، _c2005 |
||
| 300 |
_a136 ص ؛ _c24 سم |
||
| 650 | 0 | 4 | _aالحضارة الفرعونية |
| 650 | 0 | 4 | _aقدماء المصريين |
| 650 | 0 | 4 | _aالمرأة فى مصر القديمة |
| 650 | 0 | 4 | _aالحضارة الفرعونية - الاحوال الاجتماعية |
| 942 |
_2ddc _cBK |
||
| 999 |
_c8548 _d8548 |
||